Ariana Grande - nasty - Statistics

General Stats
  • This quiz has been taken 68 times
  • The average score is 370 of 451
Answer Stats
lyric % Correct
I
100%
nasty
98%
(Nasty)
98%
You
96%
you
96%
for
94%
for?
94%
for?)
94%
wait,
94%
wait
94%
a
92%
it
92%
wanna
92%
What
92%
(What
92%
when
92%
all
90%
do
90%
got
90%
in
90%
In
90%
just
90%
me
90%
my
90%
to
90%
up
90%
waiting
90%
(Waiting
90%
Don't
88%
don't
88%
get
88%
Get
88%
on
88%
feels
85%
Like
85%
like
85%
the
85%
this
85%
want
85%
(Yeah)
85%
Yeah,
85%
Yeah
85%
be
83%
real
83%
(Real)
83%
time
83%
make
81%
p*ssy
81%
Tonight,
81%
designed
79%
No
79%
no
79%
of
79%
way
79%
I'm
77%
I'ma
77%
mind
77%
mind,
77%
right
77%
it's
75%
Swear
75%
more
73%
so
73%
So
73%
keep
71%
Know
71%
know
71%
Open
71%
playing
71%
Take
71%
Ten
71%
five
69%
out
69%
safe,
69%
say
69%
but
67%
give
67%
had
67%
Lately,
67%
ways
67%
never
65%
gon'
63%
good,
63%
Promise
63%
look
60%
nice
60%
break
58%
habit
58%
your
58%
Bet
56%
Boy
56%
Boy,
56%
boy,
56%
hard
56%
line
56%
trying
56%
vacation
56%
let's
54%
love
54%
saying
54%
sweet
54%
waste
54%
A.M.
52%
constellation
52%
gonna
52%
Swimming
52%
wake
52%
bed
50%
bounce
50%
conversation,
50%
couch
50%
whole
50%
from
46%
homies
46%
much
46%
inside
44%
kinds
44%
vibes,
44%
feeling
42%
weak
42%
life
40%
something
40%
what's
40%
how
38%
still
38%
truth
38%
body's
35%
gotta
35%
words
35%
And
33%
would
33%
Been
31%
speak
31%
tell
31%
Switch
27%
behaved,
25%
That's
25%
well
25%
one
21%
sign
19%
stand
13%
No matching quizzes found
Score Distribution
Percent of People with Each Score
Percentile by Number Answered
Your Score History
You have not taken this quiz